[Event "Antananarivo op"]
[Site "Antananarivo"]
[Date "2015.08.07"]
[Round "4"]
[White "Raharimanana, Faratiana"]
[Black "Razafindranto, Fidimalala"]
[Result "0-1"]
[WhiteElo "1810"]
[BlackElo "1995"]
[PlyCount "84"]
[EventDate "2015.08.05"]
[EventType "swiss"]
[EventRounds "9"]
[EventCountry "MAD"]
[SourceTitle "EXT 2018"]
[Source "ChessBase"]
[SourceDate "2017.10.13"]
[SourceVersion "1"]
[SourceVersionDate "2017.10.13"]
[SourceQuality "1"]

1. d4 Nf6 2. c4 g6 3. g3 c5 4. e3 Bg7 5. Bg2 Nc6 6. Ne2 0-0 7. 0-0 cxd4 8. exd4 d5 9. cxd5 Nxd5 10. Nbc3 e6 11. Nxd5 exd5 12. Be3 Bg4 13. f3 Re8 14. Bf2 Bf5 15. Qd2 h5 16. Rfe1 Qd7 17. Rad1 Re7 18. Nf4 Rae8 19. Rxe7 Rxe7 20. Ne2 Kh7 21. Re1 Bh6 22. f4 Be4 23. a3 Bxg2 24. Kxg2 Bg7 25. Rd1 a6 26. Ng1 Qe8 27. Kf1 Na7 28. Nf3 Qb5+ 29. Qd3 Qxb2 30. Rb1 Qa2 31. Ne5 Nb5 32. Rb3 Rc7 33. Qb1 Qd2 34. Qd3 Qc1+ 35. Kg2 Nd6 36. Rb1 Qc2 37. Rb3 Qa2 38. Rc3 Rxc3 39. Qxc3 Qxf2+ 40. Kxf2 Ne4+ 41. Ke3 Nxc3 42. Nxf7 Nb5 0-1

[Event "Antananarivo op"]
[Site "Antananarivo"]
[Date "2015.08.05"]
[Round "1"]
[White "Razafindranto, Fidimalala"]
[Black "Andriamaharo, Nirina"]
[Result "1-0"]
[WhiteElo "1995"]
[BlackElo "1722"]
[PlyCount "119"]
[EventDate "2015.08.05"]
[EventType "swiss"]
[EventRounds "9"]
[EventCountry "MAD"]
[SourceTitle "EXT 2016"]
[Source "ChessBase"]
[SourceDate "2015.10.08"]
[SourceVersion "1"]
[SourceVersionDate "2015.10.08"]
[SourceQuality "1"]

1. c4 e5 2. Nc3 Nf6 3. g3 Bb4 4. Bg2 Bxc3 5. dxc3 h6 6. Nf3 Nc6 7. 0-0 0-0 8. b3 d6 9. Ne1 Bf5 10. Nc2 Qd7 11. Re1 Be4 12. f3 Bf5 13. e4 Bh7 14. Ne3 Ne7 15. Qe2 Rad8 16. Ba3 Rfe8 17. Rad1 Qc6 18. Kh1 Qa6 19. Bc1 Nd7 20. Bh3 Rf8 21. Nf5 Nxf5 22. exf5 b6 23. Be3 Nf6 24. g4 Kh8 25. Bf1 e4 26. Bd4 exf3 27. Qxf3 Qc8 28. Bxf6 gxf6 29. Re7 Rde8 30. Rde1 Qd8 31. Qe3 Rxe7 32. Qxe7 Kg8 33. Bg2 h5 34. h3 hxg4 35. hxg4 a5 36. Qxd8 Rxd8 37. Re7 Kf8 38. Rxc7 Re8 39. Rd7 Re2 40. Rxd6 Rxa2 41. Rxb6 Rc2 42. Bd5 Rxc3 43. Kh2 Rd3 44. Rb5 Rd4 45. Kg3 Rd3+ 46. Kf4 Rd4+ 47. Be4 a4 48. Ke3 Rd1 49. bxa4 Ke7 50. a5 Ra1 51. Bb7 Kd7 52. a6 Kc7 53. Rb2 Kb8 54. Rh2 Bxf5 55. gxf5 Re1+ 56. Re2 Rf1 57. Ke4 Rc1 58. Kd5 Rf1 59. Kc6 Ka7 60. Re8 1-0